Vainqueurs du Tour de France A-Z - Statistiques

Statistiques générales
  • Ce quiz a été pris 313 fois
  • Le résultat moyen est 15 sur 23
Statistiques - réponses
Hint Réponse % Correct
P Pottier / Petit-Breton / Pélissier / Pingeon / Pantani / Pereiro / Pogačar
96%
F Faber / Frantz / Fignon / Froome
95%
B Bottecchia / Buysse / Bartali / Bobet / Bahamontes / Bernal
90%
H Hinault
86%
C Cornet / Coppi / Contador
85%
V Van Impe / Vingegaard
84%
M Magne / Maes / Maes / Merckx
81%
T Trousselier / Thys / Thévenet / Thomas
78%
A Anquetil / Aimar
74%
N Nencini / Nibali
69%
S Scieur / Speicher / Sastre / Schleck
68%
W Walkowiak / Wiggins
68%
I Indurain
64%
L Lapize/ Lambot / Leducq / Lapébie / LeMond
56%
R Robic / Roche / Riis
54%
G Garin / Garrigou / Gaul / Gimondi
52%
E Evans
50%
U Ullrich
49%
Z Zoetemelk
45%
O Ocaña
43%
D Defraye / De Waele / Delgado
34%
K Kübler / Koblet
34%
J Janssen
23%
Aucun quiz correspondant
Distribution des résultats
% des personnes avec chaque résultat
Percentile par nombre de réponses
Votre historique - résultats
Vous n’avez pas pris ce quiz